A dictionary of the english language; in which the words are deduced from their originals; and illustrated in their different significations, by examples from the best writers: together with a history of the language, and an english grammar.
Đã lưu trong:
| Những tác giả chính: | , |
|---|---|
| Định dạng: | Sách |
| Ngôn ngữ: | Tiếng Anh |
| Được phát hành: |
London, England, United Kingdom
Longman, Hurst, Rees, Orme, and Brown
1818
|
| Những chủ đề: | |
| Các nhãn: |
Thêm thẻ
Không có thẻ, Là người đầu tiên thẻ bản ghi này!
|
MARC
| LEADER | 00000nam a2200000 a 4500 | ||
|---|---|---|---|
| 001 | UCJ7083 | ||
| 003 | CL-VaPUC | ||
| 005 | 20220122074445.0 | ||
| 008 | 070124e18180000UK |||||||||||||||||eng|d | ||
| 999 | |c 323183 |d 323181 | ||
| 040 | |c Pontificia Universidad Católica de Valparaíso | ||
| 082 | 0 | 4 | |a 423 JOH 1818 |2 21 |
| 100 | |a Johnson, Samuel |e author |9 858427 | ||
| 245 | 1 | 2 | |a A dictionary of the english language; in which the words are deduced from their originals; and illustrated in their different significations, by examples from the best writers: together with a history of the language, and an english grammar. |
| 260 | 0 | 3 | |a London, England, United Kingdom |b Longman, Hurst, Rees, Orme, and Brown |c 1818 |
| 300 | |a 4 volúmenes. | ||
| 500 | |a By Samuel Johnson, LL. D. With numerous corrections, and with the addition of several thousand words, as also with additions to the history of the language, and to the grammar, By the Rev. H. J. Todd, M.A. F.S.A. chaplain in ordinary to his majesty, and keeper of the Archbishop of Canterbury's records | ||
| 500 | |a 4§ mayor, pasta lujo.- Front. vol I, retrato de Samuel Johnson, grabado.- Port.- v. en b.- Dedicatoria To His Royal Highness George, Prince of Wales.- Junto a la firma de Don Eduardo aparecen otras dos pertenecientes a ancestros suyos que se remontan al año 1825, el de su abuelo, 1884, de su padre y 1929, la suya | ||
| 583 | |a last modification |c 20130705 04:01:40 |k Rodrigo Vera | ||
| 600 | 0 | 7 | |a BUDGE, ROBERT F |2 CL-VaPUC |9 504220 |
| 600 | 0 | 7 | |a BUDGE, JOHN JAMES F. R |2 CL-VaPUC |9 514982 |
| 600 | 0 | 7 | |a BUDGE BARNARD, EDUARDO B |2 CL-VaPUC |9 505135 |
| 650 | 0 | |a Diccionarios |9 256200 | |
| 650 | 0 | |a Gramática inglesa |9 392981 | |
| 650 | 0 | |a Iconografía |9 267998 | |
| 650 | 7 | |a EX LIBRIS |2 CL-VaPUC |9 505186 | |
| 700 | 0 | |a Todd, Henry John |9 514981 |e author | |
| 942 | |c BK |2 ddc | ||
| 945 | |d 20070124 00:00:00 |a rinostro | ||
| 952 | |0 0 |1 0 |4 0 |6 423_000000000000000_JOH_1818 |7 0 |8 X |9 402577 |a FDOBUD |b FDOBUD |d 2019-11-22 |h v.1 |i 1058282 |o 423 JOH 1818 |p 1058282 |r 2019-11-22 |t 1 |w 2019-11-22 |y BK_X |k BUD | ||
| 952 | |0 0 |1 0 |4 0 |6 423_000000000000000_JOH_1818 |7 0 |8 X |9 402578 |a FDOBUD |b FDOBUD |d 2019-11-22 |h v.2 |i 1058290 |o 423 JOH 1818 |p 1058290 |r 2019-11-22 |t 1 |w 2019-11-22 |y BK_X |k BUD | ||
| 952 | |0 0 |1 0 |4 0 |6 423_000000000000000_JOH_1818 |7 0 |8 X |9 402579 |a FDOBUD |b FDOBUD |d 2019-11-22 |h v.3 |i 1058304 |o 423 JOH 1818 |p 1058304 |r 2019-11-22 |t 1 |w 2019-11-22 |y BK_X |k BUD | ||
| 952 | |0 0 |1 0 |4 0 |6 423_000000000000000_JOH_1818 |7 0 |8 X |9 402580 |a FDOBUD |b FDOBUD |d 2019-11-22 |h v.4 |i 1058312 |o 423 JOH 1818 |p 1058312 |r 2019-11-22 |t 1 |w 2019-11-22 |y BK_X |k BUD | ||